| 000 | 00581nam a2200205 a 4500 | ||
|---|---|---|---|
| 005 | 20210219152905.0 | ||
| 008 | 991125n 000 0 eng u | ||
| 035 | _aUPN01000065769 | ||
| 100 | 1 | _aFriel, John | |
| 222 | 0 | _aBRITISH JOURNAL OF SPECIAL EDUCATION | |
| 245 | 0 | 0 | _aBacklash : Getting to grips with the flaws |
| 260 | _aReino Unido | ||
| 300 | _a92 | ||
| 362 | 0 | _a1992 Vol. 19, no. , sept. | |
| 653 | 0 | _aDEFICIENCIAS ESCOLARES | |
| 653 | 0 | _aESTUDIANTES CON NECESIDADES ESPECIALES | |
| 653 | 0 | _aLEGISLACION EDUCATIVA | |
| 904 |
_aAC _b003580 |
||
| 905 | _aArticulo | ||
| 999 |
_c63144 _d63144 |
||